Loading...
Law's Empire
| Hovedforfatter: | |
|---|---|
| Format: | Printed Book |
| Udgivet: |
New Delhi
Universal Law Publishing
2008
|
| Fag: |
| LEADER | 00478nam a22001577a 4500 | ||
|---|---|---|---|
| 020 | |a 978-81-7534-256-9 | ||
| 074 | |a 8024 | ||
| 082 | |a 340 DWO'08 | ||
| 100 | |a Dworkin,Ronald |9 346 | ||
| 245 | |a Law's Empire | ||
| 260 | |a New Delhi |b Universal Law Publishing |c 2008 | ||
| 300 | |a xiii,470p. | ||
| 500 | |a Includes index | ||
| 653 | |a Law | ||
| 999 | |c 6040 |d 6040 | ||
| 952 | |0 0 |1 0 |2 udc |4 0 |6 340_DWO08 |7 0 |9 7663 |a NUALS |b NUALS |d 2011-12-23 |l 9 |m 1 |o 340 DWO'08 |p 8024 |r 2019-07-01 |s 2019-04-01 |t 1 |w 2013-04-11 |y BK | ||